00361nam a2200157Ia 4500008004100000041000800041082001100049100001600060245003100076250000800107260002300115300000900138542001500147551002700162650001400189220531s9999 xx 000 0 und d aeng a-bNAT aNatu, A. D. aOrganic Chemistry (sem-iv) a1ST aPunebNiralic2014 a5.26 d31-07-2014 aSciencebNon-grant-SCI aChemistry